| 000 | 00630nam a2200217Ia 4500 | ||
|---|---|---|---|
| 005 | 20231220100801.0 | ||
| 008 | 131103s9999 xx 000 0 und d | ||
| 020 |
_a8129108844 _cRs 395 |
||
| 040 | _aLoreto College | ||
| 041 | _aEnglish | ||
| 082 |
_a302.2 _bMAT |
||
| 245 | 4 |
_aThe Indian media _b Illusion, delusion and reality. Essays in honour of Prem Bhatia _cEditor AshaRani Mathur |
|
| 260 |
_aNew Delhi _bRupa and Co. _c2006 |
||
| 300 | _axv,320p | ||
| 504 | _aIncludes biographical notes | ||
| 650 | _aMedia Studies | ||
| 651 | _aIndian Media | ||
| 700 | _aMathur, AshaRani, ed | ||
| 850 | _aLCLIB | ||
| 942 | _cBK | ||
| 999 |
_c12739 _d63218 |
||